PHP5 and MySQL bible / (Record no. 54400)
[ view plain ]
| 000 -LEADER | |
|---|---|
| fixed length control field | 00963nam a2200313 a 4500 |
| 001 - CONTROL NUMBER | |
| control field | 54400 |
| 003 - CONTROL NUMBER IDENTIFIER | |
| rucl marc code | BD-RjUL |
| 005 - DATE AND TIME OF LATEST TRANSACTION | |
| control field | 20211209080120.0 |
| 008 - FIXED-LENGTH DATA ELEMENTS--GENERAL INFORMATION | |
| fixed length control field | 161106s2005 ii a 001 0 eng d |
| 020 ## - INTERNATIONAL STANDARD BOOK NUMBER | |
| International Standard Book Number | 8126505214 : |
| 035 ## - SYSTEM CONTROL NUMBER | |
| System control number | (BD-RjUL)54522 |
| 040 ## - CATALOGING SOURCE | |
| Original cataloging agency | TEF |
| Transcribing agency | TEF |
| Modifying agency | BD-RjUL |
| Language of cataloging | eng |
| 041 ## - LANGUAGE CODE | |
| Language code of text/sound track or separate title | eng |
| 082 04 - DEWEY DECIMAL CLASSIFICATION NUMBER | |
| Classification number | 005.362 |
| Edition number | 23 |
| Author mark and year | COP 2005 |
| 100 1# - MAIN ENTRY--PERSONAL NAME | |
| Personal name | Converse, Tim |
| 9 (RLIN) | 162326 |
| 245 10 - TITLE STATEMENT | |
| Title | PHP5 and MySQL bible / |
| Statement of responsibility, etc. | Tim Converse, Joyce Park with Clark Morgan. |
| 260 ## - PUBLICATION, DISTRIBUTION, ETC. (IMPRINT) | |
| Place of publication, distribution, etc. | India : |
| Name of publisher, distributor, etc. | Wiley, |
| Date of publication, distribution, etc. | c2004 [ Reprint 2005] . |
| 300 ## - PHYSICAL DESCRIPTION | |
| Pagination | xxxvii, 1042 p. : |
| Illustrations | ill. ; |
| Size | 24 cm. |
| 490 ## - SERIES STATEMENT | |
| Series statement | Bible |
| 500 ## - GENERAL NOTE | |
| General note | Includes Index. |
| 650 #0 - SUBJECT ADDED ENTRY--TOPICAL TERM | |
| Topical term or geographic name as entry element | PHP (Computer program language) |
| 9 (RLIN) | 117586 |
| Topical term or geographic name as entry element | SQL (Computer program language) |
| 9 (RLIN) | 162327 |
| Topical term or geographic name as entry element | Document markup languages. |
| 9 (RLIN) | 162328 |
| Topical term or geographic name as entry element | Web sites |
| General subdivision | Authoring programs. |
| 9 (RLIN) | 162329 |
| 700 1# - ADDED ENTRY--PERSONAL NAME | |
| Personal name | Park, Joyce |
| Personal name | Morgan, Clark |
| 830 ## - SERIES ADDED ENTRY--UNIFORM TITLE | |
| Uniform title | Bible. |
| 942 ## - ADDED ENTRY ELEMENTS (KOHA) | |
| Source of classification or shelving scheme | Dewey Decimal Classification |
| Koha item type | Books |
| Lost status | Source of classification or shelving scheme | Damaged status | Not for loan | Collection code | Permanent Location | Current Location | Shelving location | Date acquired | Source of acquisition | Cost, normal purchase price | Total Checkouts | Full call number | Date last seen | Date checked out | Copy number | Koha item type |
|---|---|---|---|---|---|---|---|---|---|---|---|---|---|---|---|---|
| Dewey Decimal Classification | Non-fiction | Central Library, University of Rajshahi | Central Library, University of Rajshahi | 18/12/2005 | Dhaka,Paragon Enterprise Lit., | 499.00 | 1 | 005.362 COP 2005 | 12/02/2017 | 09/02/2017 | C-2 | Books | ||||
| Dewey Decimal Classification | Not For Loan | Non-fiction | Central Library, University of Rajshahi | Central Library, University of Rajshahi | Reading Room | 18/12/2005 | Paragon enterprises ltd., Dhaka | 499.00 | 005.362 COP 2005 | 15/03/2017 | C-1 | Books |